| 000 | 00487nam a2200205Ia 4500 | ||
|---|---|---|---|
| 003 | 0100 | ||
| 008 | 130303s9999 xx 000 0 und d | ||
| 040 | _cARRUPELIB | ||
| 050 | _aBF408.I55 1957 | ||
| 245 | _aCreativity and its cultivation | ||
| 260 | _aNew york | ||
| 260 | _bHarper | ||
| 260 | _C1959 | ||
| 300 | _axiii | ||
| 300 | _b 293p. 22cm. | ||
| 650 | _aPSYCHOLOGY | ||
| 650 | _bReligion and Science --1946- | ||
| 700 | _aAnderson , Harold H. (ed.) | ||
| 942 | 0 | 0 | _01 |
| 999 |
_c47541 _d47541 |
||